000 00580nam a22001577a 4500
003 NUST
038 _aNusrat Nadeem
082 _a200
100 _aAli, Mukaram
_9130572
245 _aFrom Traditional to Transformative: Adapting The OK-LCD Model to Modernize Training Practices at The Workplace./
_cMukaram Ali,
264 _aIslamabad:
_bSEECS NUST.
_c2025.
650 _aMS-Science in Innovative Technologies in Learning (-ITL)
_9130573
700 _aSupervisor: Dr. Arham Muslim
_9104694
856 _u http://10.250.8.41:8080/xmlui/handle/123456789/54733
942 _2ddc
_cSC
999 _c614768
_d614768